| 000 | 00505cam a2200181ua 4500 | ||
|---|---|---|---|
| 041 |
_aeng _h |
||
| 082 |
_a512.4 _bBRU/FU |
||
| 100 | _aBrumfiel, Charles F . | ||
| 245 |
_aFundamental cocepts of elementary mathematics / _cCharles F Brumfiel. _hTextual Documents |
||
| 250 |
_a1 / _b. |
||
| 260 |
_aLondon : _bAddison-Wesley Publishing Company , _c1962. |
||
| 300 | _a340 ; . | ||
| 504 | _a | ||
| 700 | 1 | _aEicholz, Robert E . | |
| 700 | 1 | _aShanks, Merrill E . | |
| 942 | _cBK | ||
| 999 |
_c5380 _d5380 |
||